Despenalización del contrabando: análisis de la contrareforma penal aduanera
I tiakina i:
| Kaituhi matua: | |
|---|---|
| Hōputu: | Pukapuka |
| Reo: | Pāniora |
| I whakaputaina: |
Bogotá
Libreria del Pacifico
1991
|
| Ngā marau: | |
| Ngā Tūtohu: |
Tāpirihia he Tūtohu
Kāore He Tūtohu, Me noho koe te mea tuatahi ki te tūtohu i tēnei pūkete!
|
MARC
| LEADER | 00000nam a2200000 a 4500 | ||
|---|---|---|---|
| 001 | UCX7627 | ||
| 003 | CL-VaPUC | ||
| 008 | 931222e19910000CK |||||||||||||||||spa|d | ||
| 082 | 0 | 4 | |a 364.168 |b MED |2 21 |
| 100 | |a Medina López, Roberto |e autor |9 324528 | ||
| 245 | 1 | 0 | |a Despenalización del contrabando: análisis de la contrareforma penal aduanera |
| 300 | |a 181 p | ||
| 942 | |c BK | ||
| 945 | |d 19931222 00:00:00 |a nfarias | ||
| 260 | |a Bogotá |b Libreria del Pacifico |c 1991 | ||
| 650 | 0 | |a Aduanas |9 255492 | |
| 650 | 0 | |a Derecho y legislación |9 255077 | |
| 650 | 0 | |a Contrabando |9 324529 | |
| 651 | 0 | |a Argentina |9 254888 | |
| 583 | |a last modification |c 19931222 00:00:00 |k Rodrigo Vera | ||
| 999 | |c 227402 |d 227400 | ||
| 952 | |0 0 |1 0 |4 0 |6 364_168000000000000_MED_1991 |7 0 |8 A |9 226376 |a BIBDER |b BIBDER |d 2019-11-15 |i 295494K |o 364.168 MED 1991 |p 295494K |r 2023-01-25 |w 2019-11-15 |y BK |k DER | ||